000 00389nam a22001337a 4500
020 _a0720405157
082 _a330ECO
245 _aEconomic progress principle values and public police
260 _aNew York
_bNorth- Holland
_c1977
300 _aviii,339p
_bill,:25cm
500 _aInclude Appendix and index
650 _aEconomic progress principle values and public police
942 _cBK
999 _c14352
_d14352